Leamos lo nuestro/ (Registro nro. 8740)

Detalles MARC
000 -LEADER
fixed length control field 01733nam a2200181Ia 4500
005 - FECHA Y HORA DE LA ÚLTIMA TRANSACCIÓN
control field 20241215093552.0
008 - FIXED-LENGTH DATA ELEMENTS--GENERAL INFORMATION
fixed length control field 230725s9999 xx 000 0 und d
040 ## - CATALOGING SOURCE
Original cataloging agency UPAN
Transcribing agency Biblioteca San Vicente
Description conventions RCAA2
041 ## - LANGUAGE CODE
Language code of text/sound track or separate title spa
082 ## - DEWEY DECIMAL CLASSIFICATION NUMBER
Classification number 372.412
Item number I236l
año de publicación 2001
100 ## - MAIN ENTRY--PERSONAL NAME
Personal name Ibañez, Javier
Relator code aut.
245 #0 - TITLE STATEMENT
Title Leamos lo nuestro/
Remainder of title Javier Ibàñez
260 ## - PUBLICATION, DISTRIBUTION, ETC. (IMPRINT)
Place of publication, distribution, etc El Salvador:
Name of publisher, distributor, etc UCA,
Date of publication, distribution, etc 2001
300 ## - PHYSICAL DESCRIPTION
Extent 181 p.;
Dimensions 23 cm.
505 ## - FORMATTED CONTENTS NOTE
Formatted contents note 1. El mejor de los regalos<br/>2. Un día<br/>3. Lolot, el nahualista chontal<br/>4. El paraíso en Armenia<br/>5. Uvieta<br/>6. Miniaturas de Ilobasco<br/>7. Baile el venado<br/>8. El llanto de las carretas <br/>9. El llanto del cerro<br/>10. Andanzas y malandanzas (III)<br/>11. Barbasco<br/>12. Romancillo de diciembre<br/>13. El mar<br/>14. El nacimiento del maíz <br/>15. Publicidad divertida<br/>16. El lamento de la selva<br/>17. Naba<br/>18. Vengo del viento<br/>19. El vigía sin luz<br/>20. El resedo<br/>21. El cuento de la primerita comuñon de Menchedita Copalchines <br/>22. Amigo servicial <br/>23. Mi madrina<br/>24. Invierno del Nahualt<br/>25. Cipitin<br/>26. El ingenio de azúcar<br/>27. Inocente cordero<br/>28. Elogio del silencio<br/>29. Las campesinas<br/>30. Tío conejo y tío coyote<br/>31. Leyenda de la Tatuana <br/>32. Expresión literaria de nuestra raza<br/>33. Niñerías <br/>34. El doctor<br/>35. El tamagás <br/>36. Estaba la pájara pinta<br/>37. La casa y el lago<br/>38. Leer y escribir<br/>39. La piedra<br/>40. El jefe supremo del señorío de Cuscatlán: Atlacatl<br/>41. Los ojos de los bueyes<br/>42. Chivete y pacho <br/>43. Prócer<br/>44. Noche buena<br/>45. Mayo<br/>46. La sombra del amate<br/>47. Andanzas y malandanzas (II)<br/>48. Utilidad del ombligo <br/>49. La tortuga gigante<br/>50. Ascensión<br/>51. Las medias de los flamencos
650 ## - SUBJECT ADDED ENTRY--TOPICAL TERM
Source of heading or term LEMB
General subdivision Literatura fantástica
942 ## - ADDED ENTRY ELEMENTS (KOHA)
Koha item type Libros
Source of classification or shelving scheme Dewey Decimal Classification
Existencias
Withdrawn status Lost status Source of classification or shelving scheme Damaged status Not for loan Collection code Home library Current library Date acquired Total Checkouts Full call number Barcode Date last seen Copy number Price effective from Koha item type
    Dewey Decimal Classification     Colección General Biblioteca UPAN San Vicente Biblioteca UPAN San Vicente 25/07/2023   372.412 I236l 12001387 25/07/2023 01 25/07/2023 Libros
    Dewey Decimal Classification     Colección General Biblioteca UPAN San Vicente Biblioteca UPAN San Vicente 25/07/2023   372.412 I236l 12001386 26/07/2023 02 25/07/2023 Libros